Sports By Zoomed In Picture - Statistics

General Stats
  • This quiz has been taken 39 times
  • The average score is 14 of 16
Answer Stats
Picture Answer % Correct
Golf
100%
Swimming
100%
Basketball
97%
Bowling
97%
Table Tennis
97%
Boxing
94%
Soccer
94%
Tennis
94%
Cricket
88%
Curling
85%
Running
85%
Long Jump
82%
Javelin
76%
Pole Vault
71%
Bobsleigh
56%
Croquet
56%
No matching quizzes found
Score Distribution
Percent of People with Each Score
Percentile by Number Answered
Your Score History
You have not taken this quiz